[Event "Titled Tuesday intern op 06th July"]
[Site "Chess.com INT"]
[Date "2021.07.06"]
[Round "3"]
[White "Ramanathan, Suraj"]
[Black "Nouri, Alekhine"]
[Result "0-1"]
[WhiteElo "2066"]
[BlackElo "2291"]
[PlyCount "90"]
[EventDate "2021.07.06"]
[EventType "swiss (blitz)"]
[EventRounds "11"]
[EventCountry "USA"]
[SourceTitle "EXT 2022"]
[Source "ChessBase"]
[SourceDate "2021.10.06"]
[SourceVersion "1"]
[SourceVersionDate "2021.10.06"]
[SourceQuality "1"]

1. Nf3 c5 2. g3 d5 3. Bg2 Nf6 4. 0-0 g6 5. c4 Bg7 6. cxd5 Nxd5 7. Nc3 Nxc3 8. bxc3 Nc6 9. Qc2 0-0 10. d3 b6 11. Bf4 Bb7 12. Rab1 Rc8 13. Rfc1 Qd7 14. Qd2 e5 15. Bh6 f5 16. Bxg7 Kxg7 17. h4 Rcd8 18. Qe3 Rfe8 19. Nd2 e4 20. d4 Ba6 21. Nb3 c4 22. Nd2 Ne7 23. Nf1 Nd5 24. Qd2 f4 25. e3 f3 26. Bh1 Qh3 27. Qe1 Nf6 28. Nh2 Rd5 29. Qf1 Qd7 30. a4 g5 31. hxg5 Rxg5 32. Nxf3 exf3 33. Bxf3 h5 34. Kg2 h4 35. Qe2 hxg3 36. fxg3 Bb7 37. Rh1 Ne4 38. Rh3 Rh8 39. Rxh8 Rxg3+ 40. Kf1 Kxh8 41. Bxe4 Qh3+ 42. Ke1 Bxe4 43. Rb5 Rg1+ 44. Kd2 Rg2 45. Rh5+ Qxh5 0-1

[Event "North American Blitz op 30th"]
[Site "ICC INT"]
[Date "2020.12.31"]
[Round "3"]
[White "Kumar, Sriram"]
[Black "Ramanathan, Suraj"]
[Result "0-1"]
[WhiteElo "1630"]
[BlackElo "2066"]
[PlyCount "62"]
[EventDate "2020.12.31"]
[EventType "swiss (blitz)"]
[EventRounds "11"]
[EventCountry "USA"]
[SourceTitle "CBM 200 Extra"]
[Source "ChessBase"]
[SourceDate "2021.03.31"]
[SourceVersion "1"]
[SourceVersionDate "2021.03.31"]
[SourceQuality "1"]

1. e4 c5 2. Nf3 d6 3. d4 cxd4 4. Nxd4 Nf6 5. Nc3 a6 6. Be2 e5 7. Nb3 Be7 8. 0-0 0-0 9. f4 exf4 10. Bxf4 Nc6 11. Qe1 Ne5 12. Qg3 Ng6 13. Be3 Be6 14. Rad1 Rc8 15. h4 Rxc3 16. bxc3 Nxe4 17. Qf3 Nxc3 18. Ra1 Ne5 19. Qf2 Bxh4 20. g3 Bxg3 21. Qg2 Bh3 22. Qxh3 Nxe2+ 23. Kg2 Qc8 24. Nd4 Qc4 25. Rad1 Qd5+ 26. Nf3 Qe4 27. Rd2 Qxe3 28. Rxe2 Qxe2+ 29. Kxg3 Nxf3 30. Rxf3 Qxc2 31. Qg4 Qg6 0-1

[Event "North American Blitz op 30th"]
[Site "ICC INT"]
[Date "2020.12.31"]
[Round "2"]
[White "Ramanathan, Suraj"]
[Black "Gareyev, Timur"]
[Result "0-1"]
[WhiteElo "2066"]
[BlackElo "2606"]
[PlyCount "74"]
[EventDate "2020.12.31"]
[EventType "swiss (blitz)"]
[EventRounds "11"]
[EventCountry "USA"]
[SourceTitle "CBM 200 Extra"]
[Source "ChessBase"]
[SourceDate "2021.03.31"]
[SourceVersion "1"]
[SourceVersionDate "2021.03.31"]
[SourceQuality "1"]

1. Nf3 b6 2. g3 Bb7 3. Bg2 e6 4. 0-0 g5 5. h3 h5 6. d3 g4 7. Ng5 Bxg2 8. Kxg2 Be7 9. h4 f6 10. Ne4 d5 11. Nec3 d4 12. Ne4 c5 13. c4 Nc6 14. a3 a5 15. Qa4 Rc8 16. Qb5 f5 17. Ng5 Qd7 18. f4 Bxg5 19. fxg5 Nge7 20. Nd2 0-0 21. Rf2 Ng6 22. Nf1 e5 23. Bd2 f4 24. b4 fxg3 25. Rxf8+ Rxf8 26. Nxg3 Nxh4+ 27. Kg1 e4 28. dxe4 Qd6 29. Nxh5 d3 30. Bc3 dxe2 31. Qa4 Nd4 32. bxc5 Qxc5 33. Nf6+ Rxf6 34. gxf6 Nb5+ 35. Kh1 Qf2 36. Rg1 Qf3+ 37. Kh2 Qh3# 0-1

[Event "North American Blitz op 30th"]
[Site "ICC INT"]
[Date "2020.12.31"]
[Round "9"]
[White "Yang, Kaiqi"]
[Black "Ramanathan, Suraj"]
[Result "1-0"]
[WhiteElo "2481"]
[BlackElo "2066"]
[PlyCount "79"]
[EventDate "2020.12.31"]
[EventType "swiss (blitz)"]
[EventRounds "11"]
[EventCountry "USA"]
[SourceTitle "CBM 200 Extra"]
[Source "ChessBase"]
[SourceDate "2021.03.31"]
[SourceVersion "1"]
[SourceVersionDate "2021.03.31"]
[SourceQuality "1"]

1. d4 c5 2. e3 Nf6 3. Nf3 g6 4. dxc5 Qa5+ 5. Nbd2 Bg7 6. a3 Qxc5 7. b4 Qc7 8. Bb2 d6 9. Be2 0-0 10. 0-0 Bf5 11. c4 Nbd7 12. Nd4 Be4 13. Nxe4 Nxe4 14. Bf3 Ndf6 15. Rc1 a6 16. Qd3 Ng5 17. Be2 e5 18. Nb3 Rad8 19. Qc2 Ne6 20. Rfd1 Rfe8 21. Bf3 Ng5 22. Bd5 Nxd5 23. Rxd5 f5 24. Rcd1 Ne4 25. f3 Nf6 26. R5d2 Bh6 27. Re2 d5 28. Nc5 Bf8 29. cxd5 Nxd5 30. Qb3 Qf7 31. Red2 Nxe3 32. Qxe3 Rxd2 33. Rxd2 b6 34. Nd7 Bg7 35. Nxb6 Qa2 36. g3 Qb1+ 37. Kg2 e4 38. Qb3+ Kh8 39. Bxg7+ Kxg7 40. Qxb1 1-0

[Event "Eastern op 45th"]
[Site "Tysons"]
[Date "2018.12.29"]
[Round "5"]
[White "Liang, Jason"]
[Black "Ramanathan, Suraj"]
[Result "1/2-1/2"]
[WhiteElo "1980"]
[BlackElo "1932"]
[PlyCount "32"]
[EventDate "2018.12.27"]
[EventType "swiss"]
[EventRounds "7"]
[EventCountry "USA"]
[SourceTitle "CBM 188 Extra"]
[Source "ChessBase"]
[SourceDate "2019.02.28"]
[SourceVersion "1"]
[SourceVersionDate "2019.02.28"]
[SourceQuality "1"]

1. e4 c5 2. Nf3 d6 3. d4 cxd4 4. Nxd4 Nf6 5. f3 e5 6. Nb3 d5 7. Bg5 Be6 8. Bxf6 gxf6 9. exd5 Qxd5 10. Qxd5 Bxd5 11. Nc3 Be6 12. Bb5+ Nd7 13. 0-0-0 0-0-0 14. Ne4 Be7 15. g4 h5 16. h3 Kc7 1/2-1/2

[Event "Continental op 48th"]
[Site "Sturbridge"]
[Date "2018.08.20"]
[Round "9"]
[White "Zhao, Jeffrey Renfei"]
[Black "Ramanathan, Suraj"]
[Result "0-1"]
[WhiteElo "1827"]
[BlackElo "1961"]
[PlyCount "134"]
[EventDate "2018.08.16"]
[EventType "swiss"]
[EventRounds "9"]
[EventCountry "USA"]
[SourceTitle "CBM 186 Extra"]
[Source "ChessBase"]
[SourceDate "2018.08.24"]
[SourceVersion "1"]
[SourceVersionDate "2018.08.24"]
[SourceQuality "1"]

1. e4 c5 2. Nf3 d6 3. d4 cxd4 4. Nxd4 Nf6 5. Nc3 a6 6. Be3 e5 7. Nb3 Be7 8. Be2 Be6 9. 0-0 0-0 10. f4 exf4 11. Bxf4 Nc6 12. Qd2 Ne5 13. Rad1 b5 14. a3 Rc8 15. Nd4 Qb6 16. Kh1 Qb7 17. Qe3 Rfd8 18. Qg3 Nxe4 19. Nxe4 Qxe4 20. Rfe1 Qg6 21. Bxe5 dxe5 22. Qxg6 hxg6 23. Nxe6 fxe6 24. Rxd8+ Bxd8 25. Bd3 Kf7 26. Rxe5 Bf6 27. Re4 Bxb2 28. a4 Bc3 29. axb5 axb5 30. Bxb5 Rb8 31. Bf1 Rb1 32. Rf4+ Ke7 33. g3 Rc1 34. Kg2 Rxc2+ 35. Kh3 g5 36. Re4 Kf6 37. Bc4 Be5 38. Be2 Rd2 39. Bg4 Rd6 40. Re2 Bd4 41. Re1 e5 42. Rf1+ Ke7 43. Bf5 Rb6 44. Kg4 Rb2 45. Kxg5 Rxh2 46. Kg6 Rg2 47. g4 e4 48. Bxe4 Rxg4+ 49. Kf5 Rh4 50. Rh1 g6+ 51. Kxg6 Rxe4 52. Kf5 Re2 53. Rh7+ Kd6 54. Rh3 Kd5 55. Kf4 Re4+ 56. Kf3 Re3+ 57. Kg2 Re2+ 58. Kf3 Rf2+ 59. Kg3 Rf8 60. Rh7 Ke4 61. Rh4+ Ke3 62. Rg4 Rf1 63. Kg2 Rf2+ 64. Kg3 Be5+ 65. Kh4 Bf4 66. Kh5 Ke4 67. Kg6 Ra2 0-1

[Event "Continental op 48th"]
[Site "Sturbridge"]
[Date "2018.08.19"]
[Round "8"]
[White "Poliannikov, Danila"]
[Black "Ramanathan, Suraj"]
[Result "1/2-1/2"]
[WhiteElo "1994"]
[BlackElo "1961"]
[PlyCount "42"]
[EventDate "2018.08.16"]
[EventType "swiss"]
[EventRounds "9"]
[EventCountry "USA"]
[SourceTitle "CBM 186 Extra"]
[Source "ChessBase"]
[SourceDate "2018.08.24"]
[SourceVersion "1"]
[SourceVersionDate "2018.08.24"]
[SourceQuality "1"]

1. e4 c5 2. Nf3 d6 3. d4 cxd4 4. Nxd4 Nf6 5. Nc3 a6 6. g3 e5 7. Nb3 Nbd7 8. Bg2 b5 9. 0-0 Be7 10. a4 b4 11. Nd5 Nxd5 12. Qxd5 Rb8 13. Be3 0-0 14. Qd3 a5 15. Qd5 Qc7 16. Rac1 Nc5 17. Nxc5 dxc5 18. Qd2 Rd8 19. Qe2 Bd7 20. b3 Be6 21. f4 f6 1/2-1/2

[Event "Continental op 48th"]
[Site "Sturbridge"]
[Date "2018.08.18"]
[Round "5"]
[White "Lu, Jason"]
[Black "Ramanathan, Suraj"]
[Result "1/2-1/2"]
[WhiteElo "1826"]
[BlackElo "1961"]
[PlyCount "146"]
[EventDate "2018.08.16"]
[EventType "swiss"]
[EventRounds "9"]
[EventCountry "USA"]
[SourceTitle "CBM 186 Extra"]
[Source "ChessBase"]
[SourceDate "2018.08.24"]
[SourceVersion "1"]
[SourceVersionDate "2018.08.24"]
[SourceQuality "1"]

1. d4 Nf6 2. c4 g6 3. f3 Bg7 4. e4 d6 5. Nc3 0-0 6. Be3 Nc6 7. Nge2 a6 8. Qd2 Rb8 9. Rc1 e5 10. d5 Ne7 11. Ng3 Nd7 12. Be2 f5 13. exf5 Nxf5 14. Nxf5 gxf5 15. 0-0 Kh8 16. b4 Rg8 17. c5 Bf8 18. f4 dxc5 19. bxc5 Bxc5 20. Bxc5 Nxc5 21. fxe5 c6 22. Qe3 Ne4 23. Nxe4 fxe4 24. dxc6 bxc6 25. Qxe4 Qg5 26. Bc4 Bf5 27. Qf3 Rgf8 28. e6 Qg7 29. Qc3 Be4 30. Qxg7+ Kxg7 31. Rfe1 Bd5 32. Bxa6 Rb2 33. Re2 Rxe2 34. Bxe2 Bxe6 35. a4 Ra8 36. Rxc6 Bf7 37. Ra6 Re8 38. Bf3 Re3 39. Kf2 Ra3 40. a5 Bc4 41. Ra7+ Kf6 42. Rxh7 Rxa5 43. Rh6+ Kg7 44. Rc6 Ra2+ 45. Kg3 Bf7 46. Rb6 Ra3 47. Kf4 Ra4+ 48. Ke3 Ra3+ 49. Kd4 Ra4+ 50. Ke5 Ra5+ 51. Kd4 Ra4+ 52. Kc5 Rc4+ 53. Kd6 Rd4+ 54. Ke5 Ra4 55. Rd6 Ra5+ 56. Kf4 Ra4+ 57. Ke3 Ra3+ 58. Rd3 Ra4 59. Rd4 Ra3+ 60. Kf4 Ra5 61. g4 Ra2 62. h4 Rh2 63. Kg3 Rb2 64. Kf4 Rh2 65. Kg5 Ra2 66. Rf4 Ra5+ 67. Rf5 Rxf5+ 68. Kxf5 Bh5 69. gxh5 Kh8 70. Be2 Kh7 71. Kf6 Kh8 72. Bd3 Kg8 73. Kg6 Kh8 1/2-1/2

[Event "Albany Henner Memorial"]
[Site "Albany"]
[Date "2017.07.30"]
[Round "5"]
[White "Ramanathan, Suraj"]
[Black "Ivanov, Alexander"]
[Result "1-0"]
[WhiteElo "1884"]
[BlackElo "2471"]
[PlyCount "88"]
[EventDate "2017.07.28"]
[EventType "tourn"]
[EventRounds "6"]
[EventCountry "USA"]
[SourceTitle "EXT 2020"]
[Source "ChessBase"]
[SourceDate "2019.10.17"]
[SourceVersion "1"]
[SourceVersionDate "2019.10.17"]
[SourceQuality "1"]

1. c4 e5 2. Nc3 Bb4 3. Qc2 c6 4. Nf3 d6 5. g3 f5 6. Bg2 Nf6 7. 0-0 0-0 8. d3 Kh8 9. a3 Ba5 10. b4 Bc7 11. b5 a6 12. bxc6 bxc6 13. Bb2 Ra7 14. Rac1 Qe8 15. e3 Qh5 16. Qe2 Ba5 17. Rfd1 f4 18. exf4 exf4 19. Ne4 Nxe4 20. Qxe4 Raf7 21. Rf1 Bg4 22. Nd4 f3 23. Bh1 d5 24. cxd5 cxd5 25. Qe3 Bb6 26. Qd2 Qh3 27. Qg5 h6 28. Qe5 Nd7 29. Qxd5 Nf6 30. Qc6 Bd7 31. Qxf3 Ng4 32. Qg2 Qxg2+ 33. Bxg2 Nxf2 34. Ba1 Nxd3 35. Rxf7 Rxf7 36. Rd1 Ne5 37. Kh1 Ng4 38. Kg1 Ne3 39. Rd3 Nxg2 40. Kxg2 Kg8 41. Rd2 g5 42. h3 h5 43. Nc2 Bc6+ 44. Kh2 Rf1 1-0